<O >Livrom das Letras (Registo nº 30899)

Detalhes MARC
000 -Etiqueta do registo
Valores 00543nam0a2200229 4500
010 ## - Número ISBN
ISBN 9725749537
021 ## - Número do Depósito Legal
-- PT
Número 140874/99
090 ## -
-- 30899
100 ## - Dados gerais de processamento
Dados gerais 20100302d1999 a 0pory5003 ba
101 ## - Língua de publicação
-- por
102 ## - País de publicação
-- PT
105 ## -
-- a z 000fy
200 1# - Titulo e menção de responsabilidade
Título próprio <O >Livrom das Letras
Primeira menção de responsabilidade Marta Cancela
205 ## - Menção da edição
Edição 2ª ed.
210 ## - Publicação
Local de publicação Sintra
Nome do editor Impala
Data de publicação 1997
215 ## - Descrição física 
Paginação / Volumes 64 p.
Dimensões 31 cm.
675 ## - CDU
Notação 087.5
Edição BNL
Língua por
700 #1 - Autor principal (pessoa individual)
Apelido Cancela
Nome Marta
ID Autoridade 3395
930 ## -
-- BECRE
990 ## - Elementos KOHA
Tipo de documento Livro
995 ## - Localização e informação dos exemplares
-- 18
Exemplares
Situação do levantamento Estado Biblioteca de origem Biblioteca de empréstimo Código de barras Cota Permissão de empréstimo Tipo de documento
  Completo Biblioteca do Centro Escolar de Viana do Alentejo Biblioteca do Centro Escolar de Viana do Alentejo 1550BV 087.5 CAN Disponível Livro




Powered by Koha